| 000 | 01141cam a2200301 i 4500 | ||
|---|---|---|---|
| 001 | 64429 | ||
| 003 | Mx-PuUPA | ||
| 005 | 20241121094057.0 | ||
| 008 | 160310s2017 enga fr 000 i eng d | ||
| 020 | _a9780831136116 | ||
| 040 |
_aMx-PuUPA _cMx-PuUPA _bspa _dMx-PuUPA _erda |
||
| 041 | 0 | _aeng | |
| 100 | 1 |
_aBachman, David, _eautor _916461 |
|
| 245 | 1 | 0 |
_aGrasshopper : _bvisual scripting for Rhinoceros 3D / _cDavid Bachman |
| 264 | 1 |
_aSouth Norwalk, CT : _bIndustrial Press, _c©2017 |
|
| 300 |
_aix, 277 páginas : _bilustraciones (en color) ; _c23 cm |
||
| 336 |
_atexto _btxt _2rdacontent |
||
| 337 |
_2rdamedia _asin medio _bn |
||
| 338 |
_2rdacarrier _avolumen _bnc |
||
| 650 | 7 |
_913986 _2armarc _aRhino (Archivo de computadora) |
|
| 650 | 7 |
_2armarc _aDiseño asistido por computadora |
|
| 650 | 7 |
_2armarc _aLenguajes de modelado (Computadoras) |
|
| 650 | 7 |
_2armarc _aProgramación visual (Ciencias de la computación) |
|
| 942 |
_cLI _2ddc _h604.20285536 _iB38 |
||
| 999 |
_c64429 _d64429 |
||